Revista trabalhista. Direito e processo

Bibliographic Details
Format: eBook
Language:Portuguese
Published: Sao Paulo: LTR Editora, 2009 -
Subjects:
Online Access:Acceso restringido

MARC

LEADER 00000nam a22000007a 4500
005 20141023175228.0
007 cr|||| ||||
008 141023c20099999br |||p s|||| 0|||b1por d
022 |a 1677-2784  
035 |a 12443 
040 |a vLex 
090 |c 5265  |d 5265 
245 0 0 |a Revista trabalhista. Direito e processo  |h [Recurso electrn̤ico] 
256 |a Servicio en ln̕ea 
260 |a Sao Paulo:  |b LTR Editora,  |c 2009 - 
362 |a Nm︢ 1. (2009) - 
500 |a A Revista Trabalhista da Anamatra, agora editada pela LTr, ganhou uma reformulaȯ̂ de forma e de fundo para ampliar seu alcance na divulgaȯ̂ de ideias crt̕icas nas r̀eas do Direito do Trabalho e Processual do Trabalho, tornando-se assim cada vez mais t︢il. 
506 0 |a Contenido solo disponible en los productos indicados  |d vLex Global  |d vLex Global (Academic Edition, excluding Law Schools)  |d vLex Global (U.S. Academic Edition, Law Schools)  |d vLex Global (U.S. Academic Edition, excluding Law Schools)  |d vLex Global (Academic Edition, Law Schools) 
650 0 4 |a Derecho Laboral  |z Brasil 
740 0 |a vLex Revistas (Servicio en ln̕ea) 
856 4 0 |u http://vlex.com/source/revista-trabalhista-direito-e-processo-12443  |z Acceso restringido 
942 |c REV 
999 0 |a Labor laws and legislation